The Large magellanic cloud (Record no. 4737)

MARC details
000 -LEADER
fixed length control field 00584nam a2200193Ia 4500
003 - CONTROL NUMBER IDENTIFIER
control field IN-BaIIA
008 - FIXED-LENGTH DATA ELEMENTS--GENERAL INFORMATION
fixed length control field 211028s9999 xx 000 0 eng d
040 ## - CATALOGING SOURCE
Transcribing agency IIA Library
080 ## - UNIVERSAL DECIMAL CLASSIFICATION NUMBER
Universal Decimal Classification number 524.722
Item number HOD
100 ## - MAIN ENTRY--PERSONAL NAME
Personal name Hodge, Paul W
9 (RLIN) 4600
245 #4 - TITLE STATEMENT
Title The Large magellanic cloud
Statement of responsibility, etc. Paul W. Hodge and Fances W. Wright
260 ## - PUBLICATION, DISTRIBUTION, ETC.
Place of publication, distribution, etc. Washington
Name of publisher, distributor, etc. Smithsonian Institution Press
Date of publication, distribution, etc. 1967
300 ## - PHYSICAL DESCRIPTION
Extent 108p.
490 ## - SERIES STATEMENT
Series statement Smithsonian Publication; 4699
500 ## - GENERAL NOTE
General note Donated by Mrs Bappu
650 ## - SUBJECT ADDED ENTRY--TOPICAL TERM
Topical term or geographic name entry element Astronomy and astrophysics thesaurus
700 ## - ADDED ENTRY--PERSONAL NAME
Personal name Wright, Frances W.
9 (RLIN) 7394
942 ## - ADDED ENTRY ELEMENTS (KOHA)
Koha item type Books
Holdings
Withdrawn status Lost status Damaged status Not for loan Home library Current library Shelving location Date acquired Total Checkouts Full call number Barcode Date last seen Price effective from Koha item type
        IIA Library-Bangalore IIA Library-Bangalore General Stacks 01/07/1975   524.722/ HOD 5294 05/11/2021 01/07/1975 Books

Powered by Koha